Muslim political movement, early phase, (Record no. 59619)

MARC details
000 -LEADER
fixed length control field 00704cam a22002531 4500
001 - CONTROL NUMBER
control field sa 64006317
003 - CONTROL NUMBER IDENTIFIER
control field DLC
005 - DATE AND TIME OF LATEST TRANSACTION
control field 20260227112038.0
008 - FIXED-LENGTH DATA ELEMENTS--GENERAL INFORMATION
fixed length control field 861120s1963 pk c b 000 0 eng
010 ## - LIBRARY OF CONGRESS CONTROL NUMBER
LC control number sa 64006317
025 ## - OVERSEAS ACQUISITION NUMBER
Overseas acquisition number PL480:P-E-401
035 ## - SYSTEM CONTROL NUMBER
System control number (OCoLC)14772606
040 ## - CATALOGING SOURCE
Original cataloging agency DLC
Transcribing agency WaU
Modifying agency OCoLC
-- DLC
042 ## - AUTHENTICATION CODE
Authentication code premarc
050 00 - LIBRARY OF CONGRESS CALL NUMBER
Classification number DS480.45
Item number .A65
100 1# - MAIN ENTRY--PERSONAL NAME
Personal name Ahmad, Jamil-ud-Din.
245 10 - TITLE STATEMENT
Title Muslim political movement, early phase,
Statement of responsibility, etc. by Jamilud-Din Ahmed.
250 ## - EDITION STATEMENT
Edition statement [1st ed.
260 ## - PUBLICATION, DISTRIBUTION, ETC.
Place of publication, distribution, etc. Karachi,
Date of publication, distribution, etc. 1963]
300 ## - PHYSICAL DESCRIPTION
Extent 83 p.
Other physical details port.
Dimensions 18 cm.
504 ## - BIBLIOGRAPHY, ETC. NOTE
Bibliography, etc. note Bibliography: p. [81]-83.
650 #0 - SUBJECT ADDED ENTRY--TOPICAL TERM
Topical term or geographic name entry element Muslims
Geographic subdivision India.
651 #0 - SUBJECT ADDED ENTRY--GEOGRAPHIC NAME
Geographic name India
General subdivision Politics and government
Chronological subdivision 1919-1947.

No items available.

Powered by Koha